Využitie informačných technológií pri vedení účtovníctva a zostavovaní účtovnej závierky v podnikateľskej účtovnej jednotke diplomová práca

Guardado en:
Detalles Bibliográficos
Autor principal: Závodná, Nikola
Autor Corporativo: Fakulta hospodárskej informatiky EU. Katedra účtovníctva a audítorstva
Otros Autores: Vašeková, Miroslava, 1978-
Formato: Libro
Lenguaje:eslovaco
Publicado: Bratislava 2019
Etiquetas: Agregar Etiqueta
Sin Etiquetas, Sea el primero en etiquetar este registro!

MARC

LEADER 00000nbm a2200000 4500
001 0254123
005 20200113081916.9
041 0 |a slo 
044 |a SK 
245 1 0 |a Využitie informačných technológií pri vedení účtovníctva a zostavovaní účtovnej závierky v podnikateľskej účtovnej jednotke  |b diplomová práca  |c Nikola Závodná ; školiteľ: Miroslava Vašeková 
264 1 |a Bratislava  |c 2019 
300 |a 71 s. 
100 1 |a Závodná, Nikola 
700 1 |a Vašeková, Miroslava, 1978- 
710 2 |a Fakulta hospodárskej informatiky EU. Katedra účtovníctva a audítorstva